000 00361pab a2200133 454500
008 180718b1985 xxu||||| |||| 00| 0 eng d
100 _aWiegersma, Nancy
245 _aAgrarian differentiation in Southern Vietnam
_bA comment
260 _c1985
300 _a474-81
650 _aLand Tenure - Vietnam
773 _aJournal of Contemporary Asia
909 _a12160
999 _c12160
_d12160